000 00473nam a2200145Ia 4500
008 151213s9999 xx 000 0 und d
100 _aএম এ জলিল।
245 _aঘূমের অরন্য তটে।
_cএম এ জলিল।
260 _aবরিশাল।
_bপদ্ধা কম্পিউটার।
_c1998
300 _a9275 p.
650 _aBangla
650 _aকবিতা
700 _aএম এ জলিল।
999 _c4741
_d4741